[Event "11th Asia-ch - Manny Pacquiao Cup"]
[Site "Manila PHI"]
[Date "2013.05.18"]
[Round "1"]
[White "Li Chao"]
[Black "Akash, Ganesan"]
[Result "1-0"]
[WhiteElo "2686"]
[BlackElo "2397"]
[EventDate "2013.05.18"]
[PlyCount "91"]

1.d4 Nf6 2.c4 e6 3.g3 d5 4.Bg2 Bb4+ 5.Bd2 Be7 6.Nf3 O-O 7.O-O c6 8.Nc3 
dxc4 9.a4 Na6 10.Bg5 c5 11.dxc5 Qa5 12.Nb5 Nxc5 13.Ne5 Nb3 14.Nxc4 Qb4 15.
Ra3 Qxc4 16.Qxb3 Qg4 17.Bxf6 Bxa3 18.Bd4 e5 19.Bxe5 Qxe2 20.Qc3 Bb4 21.Qd4
Ba5 22.Bxg7 Rd8 23.Qf6 Qg4 24.Bh8 a6 25.Be4 axb5 26.h3 Ra6 27.Bxh7+ Kf8 
28.hxg4 Rxf6 29.Bxf6 Rd6 30.g5 bxa4 31.Be4 Bd2 32.Kg2 Be6 33.Rh1 Ke8 34.
Rh8+ Kd7 35.Rb8 b6 36.Be5 Bd5 37.Bxd6 Bxe4+ 38.f3 Kxd6 39.fxe4 Kc5 40.Rb7 
Bxg5 41.Rxf7 Kb4 42.e5 Kb3 43.e6 Kxb2 44.e7 Bxe7 45.Rxe7 a3 46.Rb7 1-0

[Event "11th Asia-ch - Manny Pacquiao Cup"]
[Site "Manila PHI"]
[Date "2013.05.18"]
[Round "1"]
[White "Lalith Babu, Musunuri Rohit"]
[Black "Donguines, Fernie"]
[Result "1-0"]
[WhiteElo "2572"]
[BlackElo "2372"]
[EventDate "2013.05.18"]
[PlyCount "61"]

1.d4 d6 2.Nf3 Bg4 3.c4 g6 4.Nc3 Bg7 5.Bg5 c6 6.e3 Qa5 7.Bh4 Nh6 8.Bd3 c5 
9.O-O Nc6 10.Nd5 cxd4 11.exd4 O-O 12.Nxe7+ Nxe7 13.Bxe7 Rfe8 14.Bxd6 Rad8 
15.c5 Bxd4 16.b4 Qxb4 17.Rb1 Qa3 18.Qd2 Bg7 19.Rb3 Qa4 20.Bb5 Qe4 21.Re3 
Bxf3 22.gxf3 Qh4 23.Rxe8+ Rxe8 24.Bxe8 Nf5 25.Qd5 Qf6 26.Re1 h5 27.Bxf7+ 
Kh7 28.Kh1 Nh4 29.Be7 Qc3 30.Rg1 Bh6 31.Bxg6+ 1-0

[Event "11th Asia-ch - Manny Pacquiao Cup"]
[Site "Manila PHI"]
[Date "2013.05.18"]
[Round "1"]
[White "Firmansyah, Farid"]
[Black "Ghaem Maghami, Ehsan"]
[Result "1/2-1/2"]
[WhiteElo "2369"]
[BlackElo "2568"]
[EventDate "2013.05.18"]
[PlyCount "87"]

1.e4 c5 2.Nf3 e6 3.d4 cxd4 4.Nxd4 a6 5.Be2 Nf6 6.Nc3 Bb4 7.Qd3 Qc7 8.O-O 
d6 9.Qg3 Nbd7 10.Bd2 Bc5 11.Nb3 Ba7 12.Bf4 e5 13.Be3 Bxe3 14.Qxe3 b5 15.a3
O-O 16.Rfd1 Rd8 17.Rd2 Nb6 18.Rad1 Be6 19.Nc1 Rac8 20.h3 Bc4 21.Bf3 Be6 
22.b3 h6 23.N1a2 Na8 24.Rd3 Qa5 25.Qc1 Qb6 26.Qd2 Ne8 27.Bg4 a5 28.Nd5 
Bxd5 29.Bxc8 Bxe4 30.Re3 Bxg2 31.Kxg2 Rxc8 32.Nc3 Nac7 33.Kh2 Ne6 34.Nd5 
Qa7 35.c3 Kf8 36.Qd3 N6c7 37.Nxc7 Qxc7 38.Qxb5 Nf6 39.c4 e4 40.Kg1 Rb8 41.
Qf5 Re8 42.Qb5 Rb8 43.Qf5 Re8 44.Qb5 1/2-1/2

[Event "11th Asia-ch - Manny Pacquiao Cup"]
[Site "Manila PHI"]
[Date "2013.05.18"]
[Round "1"]
[White "Barbosa, Oliver"]
[Black "Bai Jinshi"]
[Result "1/2-1/2"]
[WhiteElo "2566"]
[BlackElo "2369"]
[EventDate "2013.05.18"]
[PlyCount "80"]

1.d4 d5 2.c4 c6 3.Nf3 Nf6 4.e3 e6 5.Bd3 Nbd7 6.b3 dxc4 7.bxc4 e5 8.Qc2 Qe7
9.Be2 Qe6 10.O-O Bd6 11.Nc3 O-O 12.Bb2 h6 13.Nd2 Bb4 14.Bd3 Rd8 15.Rad1 b6
16.a3 Bxc3 17.Qxc3 Bb7 18.Bc2 Re8 19.Nf3 exd4 20.Nxd4 Qe5 21.Nf5 Qxc3 22.
Bxc3 Ba6 23.Rfe1 Rad8 24.e4 Nc5 25.f3 Kf8 26.e5 Rxd1 27.Rxd1 Nfd7 28.f4 
Rd8 29.Nd6 Nb7 30.Bb4 Ndc5 31.Nxb7 Rxd1+ 32.Bxd1 Bxb7 33.Kf2 Ke8 34.Bxc5 
bxc5 35.f5 Bc8 36.g4 h5 37.h3 hxg4 38.hxg4 g6 39.Ke3 f6 40.Bf3 Bb7 1/2-1/2

[Event "11th Asia-ch - Manny Pacquiao Cup"]
[Site "Manila PHI"]
[Date "2013.05.18"]
[Round "1"]
[White "Nouri, Hamed"]
[Black "Sadorra, Julio Catalino"]
[Result "0-1"]
[WhiteElo "2368"]
[BlackElo "2561"]
[EventDate "2013.05.18"]
[PlyCount "62"]

1.d4 d5 2.Nf3 Nf6 3.Bf4 c5 4.e3 Nc6 5.c3 Qb6 6.Qb3 c4 7.Qxb6 axb6 8.Na3 
Bf5 9.Nb5 Ra5 10.a4 Bc2 11.Nc7+ Kd7 12.Ne5+ Nxe5 13.dxe5 Kxc7 14.exf6+ Kc6
15.Kd2 Bxa4 16.fxe7 Bxe7 17.g4 Rha8 18.Bg2 Kd7 19.Be5 f6 20.Bd4 Bc6 21.
Rab1 Rb5 22.Rhd1 Ra2 23.Kc1 Rbxb2 24.Rxb2 Ba3 25.Kd2 Bxb2 26.Ke1 Ba4 27.
Bxd5 Bxd1 28.Kxd1 b5 29.e4 Ba3 30.h4 Bd6 31.g5 Be5 0-1

[Event "11th Asia-ch - Manny Pacquiao Cup"]
[Site "Manila PHI"]
[Date "2013.05.18"]
[Round "1"]
[White "Li Shilong"]
[Black "Nava, Roderick"]
[Result "1-0"]
[WhiteElo "2558"]
[BlackElo "2362"]
[EventDate "2013.05.18"]
[PlyCount "69"]

1.d4 Nf6 2.c4 c6 3.Bf4 g6 4.Nc3 Bg7 5.Nf3 O-O 6.h3 d6 7.e3 a6 8.Be2 b5 9.
O-O Nbd7 10.Bh2 bxc4 11.Bxc4 c5 12.Rc1 Bb7 13.d5 Nb6 14.b3 Nfd7 15.e4 Nxc4
16.bxc4 Qa5 17.Qd3 Bxc3 18.Rxc3 f6 19.Ra3 Qc7 20.Nd2 Bc8 21.f4 Rb8 22.Nb3 
Rb4 23.Na5 Nb8 24.Bg3 Bd7 25.Be1 Ra4 26.Bd2 Rb4 27.Bc3 e5 28.dxe6 Bxe6 29.
f5 gxf5 30.exf5 Bd7 31.Qd5+ Kh8 32.Bxb4 cxb4 33.Rd3 Rg8 34.Rf2 Qb6 35.Qxd6
1-0

[Event "11th Asia-ch - Manny Pacquiao Cup"]
[Site "Manila PHI"]
[Date "2013.05.18"]
[Round "1"]
[White "Elorta, David"]
[Black "Adhiban, Baskaran"]
[Result "1/2-1/2"]
[WhiteElo "2348"]
[BlackElo "2556"]
[EventDate "2013.05.18"]
[PlyCount "107"]

1.d4 Nf6 2.Nf3 g6 3.c3 Bg7 4.Bf4 O-O 5.e3 d6 6.h3 Nfd7 7.e4 e5 8.dxe5 dxe5
9.Bg5 Qe8 10.h4 Nc5 11.Nbd2 Bg4 12.Be3 Nbd7 13.Qc2 h6 14.b4 Na6 15.Nc4 
Nab8 16.Be2 Be6 17.Nfd2 f5 18.f3 Nc6 19.Bf2 f4 20.Nb2 Qf7 21.Bc4 Bxc4 22.
Ndxc4 b5 23.Na5 Nxa5 24.bxa5 a6 25.a4 Rfb8 26.axb5 axb5 27.O-O Ra6 28.Rfd1
Bf8 29.c4 b4 30.c5 Rba8 31.Nd3 Rxa5 32.Rxa5 Rxa5 33.Nxb4 Rxc5 34.Qd2 Rb5 
35.Qxd7 Qxd7 36.Rxd7 Bxb4 37.Rxc7 Bd2 38.Rc2 Rb1+ 39.Kh2 Be3 40.Bxe3 fxe3 
41.Re2 Rb3 42.Kg3 Rd3 43.h5 gxh5 44.Kh3 Kf7 45.g3 Kg6 46.f4 Kf6 47.Kg2 h4 
48.Kf3 h3 49.Kg4 Rd4 50.Rxe3 h2 51.Re1 Rxe4 52.Rh1 Re2 53.fxe5+ Kxe5 54.
Kh3 1/2-1/2

[Event "11th Asia-ch - Manny Pacquiao Cup"]
[Site "Manila PHI"]
[Date "2013.05.18"]
[Round "1"]
[White "Segarra, Randy"]
[Black "Dzhumaev, Marat"]
[Result "1/2-1/2"]
[WhiteElo "2343"]
[BlackElo "2549"]
[EventDate "2013.05.18"]
[PlyCount "171"]

1.e4 e5 2.Nf3 Nc6 3.Bb5 d6 4.d3 Nf6 5.Nbd2 g6 6.Nf1 Bg7 7.Bg5 O-O 8.Ne3 
Ne7 9.Bc4 c6 10.Bb3 Nd7 11.Ng4 Kh8 12.h4 f6 13.Bd2 Nc5 14.Ne3 Nxb3 15.axb3
h6 16.h5 g5 17.g4 d5 18.Qe2 Rf7 19.Nh2 Bd7 20.O-O Bf8 21.Rfd1 d4 22.Nef1 
c5 23.Ng3 a5 24.Qe1 b6 25.Ra2 Bg7 26.Rda1 Rc8 27.Rc1 Rf8 28.Qe2 Qc7 29.
Nhf1 Qc6 30.Be1 Qe6 31.f3 a4 32.Nd2 b5 33.Rca1 Ra8 34.bxa4 Rxa4 35.b3 Rxa2
36.Rxa2 Qc6 37.Qd1 Ra8 38.Qa1 Rxa2 39.Qxa2 Bf8 40.Qa5 Kg8 41.Kf2 Kf7 42.
Ke2 Qb7 43.Qa1 Be6 44.Kd1 Ke8 45.Ke2 Kd7 46.Kd1 Nc6 47.Nf5 Qa7 48.Qxa7+ 
Nxa7 49.Kc1 Nc8 50.Ng3 Nb6 51.Kd1 Kc6 52.Nf5 Kb7 53.Ng3 Ka6 54.Nf5 Bf7 55.
Bf2 Nc8 56.Be1 Be6 57.Bf2 Na7 58.Be1 Nc6 59.Kc1 Kb6 60.Kb2 Na5 61.Nf1 c4 
62.bxc4 bxc4 63.c3 cxd3 64.cxd4 Bxf5 65.Bxa5+ Kxa5 66.exf5 exd4 67.Kb3 Kb5
68.Nd2 Bb4 69.Ne4 Be7 70.Nf2 d2 71.Kc2 Kc4 72.Kxd2 Bb4+ 73.Kc2 Bc3 74.Nd3 
Ba5 75.Nb2+ Kd5 76.Nd3 Kc4 77.Nb2+ Kd5 78.Nd3 Bc7 79.Kb3 Ba5 80.Kc2 Kc4 
81.Nb2+ Kd5 82.Nd3 Bc7 83.Kb3 Bd6 84.Kc2 Kc4 85.Nc1 Bb4 86.Nd3 1/2-1/2

[Event "11th Asia-ch - Manny Pacquiao Cup"]
[Site "Manila PHI"]
[Date "2013.05.18"]
[Round "1"]
[White "Dela Cruz, Noel"]
[Black "Antonio, Rogelio jr"]
[Result "1/2-1/2"]
[WhiteElo "2331"]
[BlackElo "2539"]
[EventDate "2013.05.18"]
[PlyCount "57"]

1.e4 c6 2.d4 d5 3.Nd2 dxe4 4.Nxe4 Bf5 5.Ng3 Bg6 6.h4 h6 7.Nf3 Nd7 8.h5 Bh7
9.Bd3 Bxd3 10.Qxd3 e6 11.Bd2 Ngf6 12.O-O-O Be7 13.Kb1 Qc7 14.Qe2 O-O-O 15.
Ne5 Nxe5 16.dxe5 Nd5 17.c4 Nb6 18.Ba5 Rxd1+ 19.Qxd1 Qd7 20.Qxd7+ Nxd7 21.
Ne4 f5 22.exf6 Nxf6 23.Nxf6 Bxf6 24.Kc2 Kd7 25.b3 Ke7 26.Kd3 Kf7 27.Ke4 g6
28.g4 gxh5 29.gxh5 1/2-1/2

[Event "11th Asia-ch - Manny Pacquiao Cup"]
[Site "Manila PHI"]
[Date "2013.05.18"]
[Round "1"]
[White "Megaranto, Susanto"]
[Black "Garma, Chito"]
[Result "1/2-1/2"]
[WhiteElo "2531"]
[BlackElo "2318"]
[EventDate "2013.05.18"]
[PlyCount "121"]

1.d4 Nf6 2.Nf3 e6 3.c4 Bb4+ 4.Bd2 a5 5.g3 b6 6.Bg2 Bb7 7.O-O O-O 8.Bf4 d5 
9.c5 a4 10.a3 Ba5 11.Qxa4 Bd2 12.Qc2 Bxf4 13.gxf4 bxc5 14.dxc5 Ne4 15.Nbd2
f5 16.e3 Nc6 17.Nb3 Rf6 18.Nbd4 Qe8 19.Nxc6 Bxc6 20.Ne5 Rh6 21.f3 Nf6 22.
Rfd1 Bb5 23.c6 Rh4 24.Qf2 Rh6 25.Rac1 Kh8 26.Rd4 Ng8 27.Rc5 Ba4 28.Rb4 Ne7
29.Rb7 Rc8 30.Ra7 Nxc6 31.Nxc6 Bxc6 32.Qc2 e5 33.Ra6 exf4 34.Rcxc6 Rxc6 
35.Rxc6 fxe3 36.Bf1 Qe5 37.Ba6 h6 38.h4 Rb8 39.b4 Re8 40.Qe2 Qa1+ 41.Kg2 
Qxa3 42.Bd3 Qxb4 43.Bxf5 Re5 44.Bc2 Qf4 45.Ra6 Qf8 46.f4 Re8 47.Bg6 Qxf4 
48.Bxe8 Qe4+ 49.Qf3 Qxe8 50.Ra1 Qg6+ 51.Kh1 d4 52.Qd5 Qg4 53.Ra8+ Kh7 54.
Qg8+ Kg6 55.Ra6+ Kh5 56.Qd5+ Kxh4 57.Ra1 g5 58.Rg1 Qf4 59.Qg2 d3 60.Qc6 g4
61.Qg6 1/2-1/2

[Event "11th Asia-ch - Manny Pacquiao Cup"]
[Site "Manila PHI"]
[Date "2013.05.18"]
[Round "1"]
[White "Emperado, Emmanuel"]
[Black "Gundavaa, Bayarsaihan"]
[Result "1-0"]
[WhiteElo "2313"]
[BlackElo "2528"]
[EventDate "2013.05.18"]
[PlyCount "121"]

1.e4 c5 2.Nf3 d6 3.d4 cxd4 4.Nxd4 Nf6 5.Nc3 a6 6.Be2 e5 7.Nb3 Be7 8.Qd3 
Be6 9.Nd5 Nbd7 10.c4 Bxd5 11.cxd5 Nc5 12.Nxc5 dxc5 13.O-O O-O 14.a4 Rc8 
15.b3 Ne8 16.Bb2 Bd6 17.Bg4 Rc7 18.g3 Nf6 19.Bh3 Qe7 20.Rfe1 Rb8 21.a5 h6 
22.Ra4 Qe8 23.Rc1 Qb5 24.Qc2 Qe8 25.Qd3 Qd8 26.Bf1 Qd7 27.f3 h5 28.h4 g6 
29.Kh2 Kh7 30.Ra2 Qd8 31.Bc3 Ng8 32.Bh3 Qf8 33.f4 Qe7 34.Rf1 Nh6 35.f5 Rg8
36.Raf2 Qd8 37.Bd2 f6 38.fxg6+ Rxg6 39.Bf5 Nxf5 40.Rxf5 Kg8 41.Rxh5 Rcg7 
42.Rf3 b5 43.axb6 Qxb6 44.Rh6 Rxh6 45.Bxh6 Rg6 46.Bd2 Be7 47.Qc4 Qb5 48.
Kh3 Kf7 49.Rf1 Rg8 50.Qxb5 axb5 51.Ra1 Rc8 52.Ra7 Kf8 53.Kg4 c4 54.bxc4 
bxc4 55.Kf5 c3 56.Bh6+ Ke8 57.Ke6 Bf8 58.Bxf8 Kxf8 59.Ra1 c2 60.Rc1 Kg7 
61.d6 1-0

[Event "11th Asia-ch - Manny Pacquiao Cup"]
[Site "Manila PHI"]
[Date "2013.05.18"]
[Round "1"]
[White "Gopal, Geetha Narayanan"]
[Black "Mu Ke"]
[Result "1-0"]
[WhiteElo "2526"]
[BlackElo "2297"]
[EventDate "2013.05.18"]
[PlyCount "51"]

1.e4 e6 2.d4 d5 3.Nc3 Bb4 4.e5 c5 5.a3 Bxc3+ 6.bxc3 Ne7 7.h4 Nbc6 8.h5 Qa5
9.Bd2 Bd7 10.h6 gxh6 11.Rb1 Qc7 12.Nf3 Ng8 13.Bxh6 Nxh6 14.Rxh6 Ne7 15.Qd2
Ng8 16.Rh4 h6 17.dxc5 Qxc5 18.Rxb7 Qxa3 19.Rhb4 Rc8 20.Nd4 a6 21.R4b6 Qa1+
22.Rb1 Qa2 23.c4 Bb5 24.Qb4 Bxc4 25.Rb8 Ne7 26.Nc6 1-0

[Event "11th Asia-ch - Manny Pacquiao Cup"]
[Site "Manila PHI"]
[Date "2013.05.18"]
[Round "1"]
[White "Batchuluun, Cegmed"]
[Black "Mariano, Nelson"]
[Result "1-0"]
[WhiteElo "2507"]
[BlackElo "2282"]
[EventDate "2013.05.18"]
[PlyCount "63"]

1.d4 Nf6 2.c4 c5 3.d5 b5 4.cxb5 a6 5.bxa6 g6 6.Nc3 Bxa6 7.Nf3 d6 8.g3 Nbd7
9.e4 Bxf1 10.Kxf1 Bg7 11.Kg2 O-O 12.h3 Qa5 13.Re1 Rfb8 14.e5 dxe5 15.Nxe5 
Nxe5 16.Rxe5 Ra7 17.Qf3 Ne8 18.Re2 Nd6 19.Bf4 Rba8 20.Be5 Nf5 21.Bxg7 Kxg7
22.Qd3 Qd8 23.Rae1 e6 24.Qc4 Nd4 25.Rd2 Qf6 26.Re3 Ra5 27.dxe6 fxe6 28.b4 
Ra3 29.Qxc5 Nf5 30.Rd7+ Kh6 31.Red3 e5 32.Ne4 1-0

[Event "11th Asia-ch - Manny Pacquiao Cup"]
[Site "Manila PHI"]
[Date "2013.05.18"]
[Round "1"]
[White "Turqueza, Mari Joseph"]
[Black "Djao Thien Hai"]
[Result "1-0"]
[WhiteElo "2280"]
[BlackElo "2506"]
[EventDate "2013.05.18"]
[PlyCount "93"]

1.d4 f5 2.g3 Nf6 3.Bg2 g6 4.Nf3 Bg7 5.O-O O-O 6.c4 d6 7.Nc3 Qe8 8.b3 e5 9.
dxe5 dxe5 10.e4 Nc6 11.Nd5 Rf7 12.Ng5 Rd7 13.exf5 gxf5 14.Bb2 h6 15.Nxf6+ 
Bxf6 16.Bd5+ Kg7 17.Nf3 Qd8 18.Qc1 Nd4 19.Nxd4 exd4 20.Qf4 c6 21.Be6 Re7 
22.Bxf5 Bxf5 23.Qxf5 Qd7 24.Qxd7 Rxd7 25.Rad1 a5 26.Rd3 Re8 27.Rfd1 c5 28.
Kf1 Rde7 29.Bc1 Re2 30.Bd2 Bg5 31.Re1 Rxd2 32.Rxd2 Rxe1+ 33.Kxe1 Bxd2+ 34.
Kxd2 Kf6 35.f3 h5 36.h4 Kf5 37.Kd3 Ke5 38.g4 hxg4 39.fxg4 Kf4 40.h5 Kg5 
41.Ke4 b6 42.a4 Kh6 43.Kf4 Kg7 44.g5 Kf7 45.g6+ Kf6 46.Kg4 Kg7 47.Kg5 1-0

[Event "11th Asia-ch - Manny Pacquiao Cup"]
[Site "Manila PHI"]
[Date "2013.05.18"]
[Round "1"]
[White "Laylo, Darwin"]
[Black "Bilguun, Sumiya"]
[Result "1/2-1/2"]
[WhiteElo "2504"]
[BlackElo "2269"]
[EventDate "2013.05.18"]
[PlyCount "146"]

1.d4 d5 2.Nf3 e6 3.c4 c6 4.e3 Nf6 5.b3 Nbd7 6.Bd3 Be7 7.O-O O-O 8.Bb2 b6 
9.Nc3 Bb7 10.Qc2 h6 11.Rad1 Rc8 12.Qe2 Re8 13.Ne5 c5 14.f4 cxd4 15.exd4 
Bf8 16.Kh1 Qc7 17.Rc1 Qb8 18.cxd5 exd5 19.Bf5 Rcd8 20.Nb5 Bd6 21.Nxd6 Qxd6
22.Qb5 Nf8 23.Qa4 Qb8 24.Ba3 Ne6 25.Bd3 Rc8 26.Rcd1 a6 27.Qb4 b5 28.Bb2 
Ne4 29.Bxe4 dxe4 30.d5 Nc5 31.Qd4 f6 32.Ng4 Nd7 33.Ne3 Qd6 34.b4 g6 35.h4 
Qb6 36.Qxb6 Nxb6 37.Bxf6 Kf7 38.Be5 Nc4 39.Ng4 h5 40.Nf6 Red8 41.Rfe1 e3 
42.Kg1 Ra8 43.Re2 a5 44.bxa5 Ra6 45.d6 Ke6 46.d7 Ke7 47.Nd5+ Bxd5 48.Rxd5 
Rxd7 49.Rxb5 Rd1+ 50.Kh2 Rd2 51.Re1 Rxa2 52.Bd4 e2 53.Bb6 Nxa5 54.Bxa5 
R6xa5 55.Rxe2+ Rxe2 56.Rxa5 Kf6 57.Rg5 Re4 58.Kg3 Re3+ 59.Kf2 Ra3 60.f5 
gxf5 61.Rxh5 Ke5 62.Rh8 Kf6 63.Rf8+ Kg6 64.g3 Rb3 65.Rg8+ Kf7 66.Ra8 Kg6 
67.Ra6+ Kg7 68.Kg2 Rc3 69.h5 Rb3 70.h6+ Kh7 71.Rf6 Ra3 72.Kh3 f4 73.Rxf4 
Kxh6 1/2-1/2

[Event "11th Asia-ch - Manny Pacquiao Cup"]
[Site "Manila PHI"]
[Date "2013.05.18"]
[Round "1"]
[White "Abelgas, Roel"]
[Black "Nguyen Djuc Hoa"]
[Result "1/2-1/2"]
[WhiteElo "2269"]
[BlackElo "2503"]
[EventDate "2013.05.18"]
[PlyCount "172"]

1.d4 d5 2.c4 e6 3.cxd5 exd5 4.Nf3 Bd6 5.Nc3 c6 6.Qc2 h6 7.e4 dxe4 8.Nxe4 
Bb4+ 9.Nc3 Nf6 10.a3 Bd6 11.Bc4 O-O 12.O-O Nd5 13.Bxd5 cxd5 14.Qb3 Nc6 15.
Qxd5 Bg4 16.h3 Bxf3 17.Qxf3 Nxd4 18.Qxb7 Qa5 19.Qe4 Nb3 20.Rb1 Rfe8 21.Qd5
Qxd5 22.Nxd5 Re2 23.Be3 a5 24.Rfd1 Bf8 25.Rd3 Rb8 26.Nc3 Rc2 27.Na4 Kh7 
28.Rbd1 Nc5 29.Bxc5 Bxc5 30.R1d2 Rc1+ 31.Kh2 Be7 32.Rd7 Bg5 33.Re2 Rc4 34.
Nc3 Bc1 35.Nd1 Kg6 36.g3 Bg5 37.h4 Bf6 38.Kg2 Rc5 39.Red2 Rcb5 40.R2d5 
Rxd5 41.Rxd5 a4 42.Ra5 Bxb2 43.Rxa4 Bc1 44.Ra6+ f6 45.a4 Rb3 46.Rc6 Bd2 
47.Rc2 Ba5 48.h5+ Kf7 49.Rc5 Bd8 50.Rd5 Be7 51.Ne3 Ra3 52.Nf5 Rxa4 53.Rd7 
Ke6 54.Rxe7+ Kxf5 55.Rxg7 Rg4 56.Rh7 Kg5 57.Kh3 f5 58.Rf7 Ra4 59.f4+ Kxh5 
60.Rxf5+ Kg6 61.Kg4 Ra3 62.Rb5 Ra6 63.Kh4 Ra4 64.Rb6+ Kg7 65.Re6 Rb4 66.
Kh5 Rb5+ 67.Kg4 Ra5 68.Re5 Ra3 69.Kh4 Ra4 70.Rc5 Kg6 71.Rc6+ Kg7 72.Kg4 
Ra3 73.f5 Ra5 74.Rg6+ Kh7 75.Re6 Kg7 76.Kf4 Ra4+ 77.Re4 Ra6 78.Kg4 Kf6 79.
Rf4 Ra5 80.Rb4 Ra6 81.Rb5 Ra4+ 82.Kh5 Ra3 83.Kh4 h5 84.Rb6+ Kxf5 85.Rh6 
Ra4+ 86.Kxh5 Rg4 1/2-1/2

[Event "11th Asia-ch - Manny Pacquiao Cup"]
[Site "Manila PHI"]
[Date "2013.05.18"]
[Round "1"]
[White "Al-Sayed, Mohamad Naser"]
[Black "Luthfi Ali, Muhammad"]
[Result "1-0"]
[WhiteElo "2502"]
[BlackElo "2246"]
[EventDate "2013.05.18"]
[PlyCount "113"]

1.d4 Nf6 2.c4 g6 3.Nc3 d5 4.Nf3 Bg7 5.h4 c6 6.cxd5 cxd5 7.Bf4 Nc6 8.e3 O-O
9.Qb3 Na5 10.Qb4 Nc6 11.Qa3 Bg4 12.Ne5 Nxe5 13.Bxe5 Ne4 14.Bxg7 Kxg7 15.
Bd3 Nxc3 16.bxc3 Qc7 17.O-O Bf5 18.Be2 Rfc8 19.Rfc1 Be6 20.Rab1 a6 21.c4 
dxc4 22.Bf3 Rab8 23.d5 Bd7 24.Qxe7 Bf5 25.Qxc7 Rxc7 26.e4 Bd7 27.Rb6 f6 
28.Rc3 Bb5 29.Bd1 Rd8 30.a4 Be8 31.Bc2 Bf7 32.a5 Be8 33.d6 Rc5 34.Rxb7+ 
Rd7 35.Rb6 Ra7 36.f4 Bf7 37.Ra3 c3 38.Kf2 Be8 39.Rbb3 Rd7 40.Rxc3 Rxc3 41.
Rxc3 Rxd6 42.Rc7+ Kf8 43.Ke3 Bb5 44.g4 h6 45.e5 fxe5 46.fxe5 Rd5 47.Ke4 
Rd2 48.e6 Rg2 49.Kf4 Be8 50.Bb3 Rb2 51.Bc4 Bb5 52.Ke5 Bxc4 53.Rxc4 Re2+ 
54.Kf6 Rf2+ 55.Kxg6 Re2 56.Rc6 Re4 57.Kf5 1-0

[Event "11th Asia-ch - Manny Pacquiao Cup"]
[Site "Manila PHI"]
[Date "2013.05.18"]
[Round "1"]
[White "Galmandakh, Badrakh"]
[Black "Wang Chen"]
[Result "0-1"]
[WhiteElo "2212"]
[BlackElo "2498"]
[EventDate "2013.05.18"]
[PlyCount "70"]

1.d3 c5 2.Nf3 Nc6 3.g3 g6 4.Bg2 Bg7 5.O-O Nf6 6.c3 d5 7.Nbd2 O-O 8.e4 b6 
9.exd5 Nxd5 10.Nc4 Qc7 11.Nfe5 Nxe5 12.Bxd5 Bb7 13.Bxb7 Qxb7 14.Nxe5 Bxe5 
15.f4 Bg7 16.f5 Rad8 17.fxg6 hxg6 18.Rf3 Rd5 19.Qf1 e6 20.h4 Rd7 21.Be3 
Qd5 22.Bc1 b5 23.a3 a5 24.Rb1 b4 25.c4 Qc6 26.Be3 Rxd3 27.Qxd3 Qxf3 28.Kh2
Be5 29.Rg1 Bc7 30.Qd2 Rd8 31.Qf2 Qxf2+ 32.Bxf2 Rd2 33.Kg2 Rxb2 34.axb4 
cxb4 35.Kf3 Rxf2+ 0-1

[Event "11th Asia-ch - Manny Pacquiao Cup"]
[Site "Manila PHI"]
[Date "2013.05.18"]
[Round "1"]
[White "Das, Debashis"]
[Black "Pimentel, Joel"]
[Result "1/2-1/2"]
[WhiteElo "2488"]
[BlackElo "2194"]
[EventDate "2013.05.18"]
[PlyCount "78"]

1.d4 d5 2.c4 c6 3.Nf3 Nf6 4.e3 a6 5.Bd3 Bg4 6.Nbd2 Nbd7 7.Qc2 e6 8.b3 Rc8 
9.O-O Be7 10.Bb2 c5 11.Ne5 Bh5 12.f4 b5 13.cxb5 cxd4 14.Nc6 dxe3 15.Nxd8 
Rxc2 16.Bxc2 exd2 17.Nc6 Bc5+ 18.Bd4 Be2 19.bxa6 Bxf1 20.Kxf1 Bxd4 21.Nxd4
Nc5 22.Ke2 Nxa6 23.Kxd2 Kd7 24.Bd3 Ra8 25.a4 Kd6 26.Rc1 Nb4 27.Nb5+ Ke7 
28.Rc7+ Nd7 29.Nd4 Kd6 30.Nb5+ Ke7 31.Nd4 Kd6 32.Rb7 Nxd3 33.Nb5+ Kc6 34.
Rc7+ Kb6 35.Rxd7 Nc5 36.Rxf7 Nxb3+ 37.Kc3 Nc5 38.Rxg7 Rxa4 39.Nd6 Rxf4 
1/2-1/2

[Event "11th Asia-ch - Manny Pacquiao Cup"]
[Site "Manila PHI"]
[Date "2013.05.18"]
[Round "1"]
[White "Nolte, Rolando"]
[Black "Ervan, Mohamad"]
[Result "1/2-1/2"]
[WhiteElo "2453"]
[BlackElo "2162"]
[EventDate "2013.05.18"]
[PlyCount "85"]

1.e4 c5 2.Nf3 e6 3.Nc3 a6 4.d4 cxd4 5.Nxd4 Qc7 6.Bd3 Nf6 7.O-O Be7 8.Kh1 
d6 9.f4 Nbd7 10.Qe2 O-O 11.Nf3 Nc5 12.e5 Nfd7 13.Bd2 b5 14.Ne4 Bb7 15.exd6
Bxd6 16.Nfg5 h6 17.Nxd6 Qxd6 18.Bh7+ Kh8 19.b4 Na4 20.Bd3 Nf6 21.Nf3 Rac8 
22.Ne5 Qd5 23.c4 bxc4 24.Bxc4 Qd4 25.Rac1 Nd5 26.Qd3 Qxd3 27.Nxd3 Rfd8 28.
Ne5 Kg8 29.Bb3 Nac3 30.Rfe1 Nb5 31.a4 Nd4 32.Rxc8 Rxc8 33.Bxd5 Bxd5 34.Rc1
Rxc1+ 35.Bxc1 g6 36.Nd3 Kg7 37.Nc5 Nb3 38.Be3 Nxc5 39.Bxc5 g5 40.fxg5 hxg5
41.Kg1 Bc6 42.a5 e5 43.g4 1/2-1/2

[Event "11th Asia-ch - Manny Pacquiao Cup"]
[Site "Manila PHI"]
[Date "2013.05.18"]
[Round "1"]
[White "Polao, Ben"]
[Black "Goh Wei Ming, Kevin"]
[Result "0-1"]
[WhiteElo "2083"]
[BlackElo "2449"]
[EventDate "2013.05.18"]
[PlyCount "70"]

1.e4 c5 2.Nc3 a6 3.g3 b5 4.Bg2 Bb7 5.Nge2 e6 6.O-O d6 7.d3 Nd7 8.f4 Ngf6 
9.h3 Qc7 10.g4 b4 11.Nb1 Nb6 12.b3 d5 13.e5 Nfd7 14.Nd2 Be7 15.Nf3 O-O 16.
Ng3 f6 17.Qe2 fxe5 18.fxe5 Rf7 19.Bd2 Nf8 20.Be3 Ng6 21.d4 Raf8 22.Nh5 Nd7
23.Rae1 cxd4 24.Bxd4 a5 25.Rf2 Nc5 26.Nd2 Ba6 27.Qd1 Bh4 28.Rxf7 Rxf7 29.
Re2 Bxe2 30.Qxe2 Bg5 31.Nf3 Bf4 32.Qb5 Nd7 33.Qe2 Ndxe5 34.Nxf4 Nxf3+ 35.
Bxf3 Qxf4 0-1

[Event "11th Asia-ch - Manny Pacquiao Cup"]
[Site "Manila PHI"]
[Date "2013.05.18"]
[Round "1"]
[White "Nguyen Van Huy"]
[Black "Galindo, Joseph"]
[Result "1-0"]
[WhiteElo "2443"]
[BlackElo "2081"]
[EventDate "2013.05.18"]
[PlyCount "101"]

1.d4 Nf6 2.Nf3 e6 3.g3 b6 4.Bg2 Bb7 5.O-O Be7 6.c4 O-O 7.Re1 d6 8.Nc3 Nbd7
9.e4 e5 10.b3 Re8 11.Bb2 Bf8 12.Qc2 c6 13.Rad1 Qc7 14.a3 a6 15.Qb1 b5 16.
Bf1 exd4 17.Rxd4 c5 18.Rdd1 b4 19.Nd5 Bxd5 20.cxd5 bxa3 21.Bxa3 g6 22.Qc2 
Qb6 23.Bb2 Bg7 24.h3 Re7 25.Bc4 Nh5 26.Bc1 Rae8 27.Re2 h6 28.Rde1 Kh7 29.
g4 Nhf6 30.Bf4 Ne5 31.Bxe5 dxe5 32.Qd3 Ra7 33.Ra2 a5 34.Bb5 Rb8 35.Ba4 Ne8
36.Bxe8 Rxe8 37.Nd2 Rb8 38.Rb1 h5 39.Nc4 Qd8 40.Kg2 Qd7 41.gxh5 gxh5 42.
Rxa5 Rxa5 43.Nxa5 Bh6 44.Qf3 Rg8+ 45.Kf1 Rg5 46.Nc4 f6 47.d6 Qg7 48.Rd1 
Rg1+ 49.Ke2 Rxd1 50.Kxd1 Qg1+ 51.Ke2 1-0

[Event "11th Asia-ch - Manny Pacquiao Cup"]
[Site "Manila PHI"]
[Date "2013.05.18"]
[Round "1"]
[White "Docena, Jerad"]
[Black "Kuderinov, Kirill"]
[Result "1/2-1/2"]
[WhiteElo "2055"]
[BlackElo "2442"]
[EventDate "2013.05.18"]
[PlyCount "83"]

1.e4 e5 2.Nf3 Nc6 3.d4 exd4 4.Nxd4 Bc5 5.Nb3 Bb6 6.Nc3 d6 7.Qe2 Nge7 8.Bg5
O-O 9.O-O-O f6 10.Be3 f5 11.h4 f4 12.Bxb6 axb6 13.a3 Be6 14.h5 Bxb3 15.
cxb3 Ne5 16.Qd2 Qe8 17.h6 g6 18.Be2 Qf7 19.Qc2 Kh8 20.Kb1 Rad8 21.Nb5 Rd7 
22.Qc3 Nc6 23.Rd2 Qf6 24.b4 Qg5 25.Bf3 Kg8 26.Rd5 Qf6 27.Bd1 Kh8 28.Rd2 g5
29.Bb3 f3 30.g3 Qg6 31.Bc2 g4 32.Rdd1 Qf6 33.Rh5 Rg8 34.Rdh1 Rg5 35.R5h4 
Re7 36.Rd1 Rg6 37.Rdh1 Rg5 38.Rd1 Qg6 39.Rdh1 Rd7 40.Qd2 Qf6 41.Qc3 Re7 
42.Rd1 1/2-1/2

[Event "11th Asia-ch - Manny Pacquiao Cup"]
[Site "Manila PHI"]
[Date "2013.05.18"]
[Round "1"]
[White "Gombosuren, Munkhgal"]
[Black "Nazario, Marc Christian"]
[Result "1/2-1/2"]
[WhiteElo "2427"]
[BlackElo "2023"]
[EventDate "2013.05.18"]
[PlyCount "126"]

1.d4 Nf6 2.c4 e5 3.Nf3 exd4 4.Nxd4 Nc6 5.g3 d5 6.Bg2 Nxd4 7.Qxd4 dxc4 8.
Qxc4 c6 9.O-O Be7 10.e4 Be6 11.Qc2 O-O 12.Nc3 Qa5 13.Bf4 Qh5 14.f3 Qc5+ 
15.Kh1 Rad8 16.Rfe1 Rd7 17.Be3 Qa5 18.a3 Qc7 19.Rad1 Rfd8 20.Ne2 Rxd1 21.
Rxd1 Rxd1+ 22.Qxd1 b6 23.Nd4 Bd7 24.Bf4 Qd8 25.Qe2 Qc8 26.g4 g6 27.h3 c5 
28.Nb5 Bxb5 29.Qxb5 Ne8 30.Bf1 Ng7 31.Bc4 Ne6 32.Be5 Qd8 33.Bd5 Bd6 34.
Bxd6 Qxd6 35.Bxe6 fxe6 36.h4 Kf7 37.Kg2 h5 38.gxh5 gxh5 39.Qe2 Qf4 40.Kh3 
c4 41.Kg2 b5 42.Qf2 a6 43.Qa7+ Kf6 44.Qd4+ Kg6 45.Qh8 e5 46.Qe8+ Kh6 47.
Qe6+ Kg7 48.Qe7+ Kg6 49.Qd6+ Kg7 50.Qc7+ Kg6 51.Qc6+ Kg7 52.Qb7+ Kh8 53.
Qxa6 Qd2+ 54.Kh3 Qxb2 55.Qg6 Qxa3 56.Qxh5+ Kg8 57.Qg6+ Kf8 58.Qf5+ Kg8 59.
Qe6+ Kf8 60.Qf6+ Kg8 61.Kg3 Qc5 62.Qd8+ Kf7 63.Qd7+ Kf6 1/2-1/2

[Event "11th Asia-ch - Manny Pacquiao Cup"]
[Site "Manila PHI"]
[Date "2013.05.18"]
[Round "1"]
[White "Manuel Enofre, Efren"]
[Black "Pascua, Haridas"]
[Result "0-1"]
[WhiteElo "1974"]
[BlackElo "2413"]
[EventDate "2013.05.18"]
[PlyCount "62"]

1.e4 g6 2.d4 Bg7 3.Nf3 d6 4.Bc4 Nf6 5.e5 dxe5 6.Nxe5 O-O 7.O-O c5 8.dxc5 
Qc7 9.Qe2 Qxc5 10.Nc3 a6 11.a4 Nc6 12.Nxc6 Qxc6 13.Bb3 Qc7 14.h3 e6 15.Bg5
h6 16.Be3 b6 17.Qc4 Qb7 18.Rad1 Bd7 19.Rd6 b5 20.axb5 axb5 21.Qc5 Rfb8 22.
Rfd1 b4 23.Ne2 Ne4 24.Qb6 Qc8 25.Rxd7 Rxb6 26.Bxb6 Qa6 27.Rxf7 Kxf7 28.
Rd7+ Ke8 29.Rxg7 Qxb6 30.Rg8+ Ke7 31.Rxa8 Qxf2+ 0-1